Countries bordering Slovakia - Statistics

General Stats
  • This quiz has been taken 23 times
  • The average score is 5 of 5
Answer Stats
Answer % Correct
Czech Republic
100%
Poland
100%
Ukraine
94%
Austria
89%
Hungary
89%
No matching quizzes found
Score Distribution
Percent of People with Each Score
Percentile by Number Answered
Your Score History
You have not taken this quiz